| 000 | 00902nam a2200253 i 4500 | ||
|---|---|---|---|
| 001 | 125330 | ||
| 003 | ES-MaACL | ||
| 005 | 20250704062545.0 | ||
| 007 | t| | ||
| 008 | 070605s2007 sp |||| | spa d | ||
| 080 | _a061.237(460.27 M.)(091) | ||
| 100 | 1 |
_aAbellán, José Luis, _d1933-2023 _9176509 |
|
| 245 | 1 | 3 |
_aEl Ateneo de Madrid como espacio de experimentación social _b: [discurso leído el 9 de octubre en la inauguración del curso académico 2006-2007] / _cpor José Luis Abellán. |
| 260 |
_aMadrid : _bAteneo de Madrid, _c2007. |
||
| 300 |
_a15 p. ; _c21 cm. |
||
| 610 | 2 | 4 |
_aAteneo de Madrid- _vDiscursos de apertura- _yS.XXI. _91914 |
| 610 | 2 | 4 |
_aAteneo de Madrid- _vHistoria _91925 |
| 710 | 2 |
_aAteneo de Madrid. _91875 |
|
| 852 |
_aES-MaACL _j2231-F-22 |
||
| 852 |
_aES-MaACL _j2241-F-17 |
||
| 852 |
_aES-MaACL _j2338-F-8 |
||
| 852 |
_aES-MaACL _j2338-F-9 |
||
| 999 |
_c125330 _d125330 |
||